Biblioteca y Centro de Documentación

Dictamen 7-1996, sobre el Anteproyecto de Ley Ordenadora de la Inspección de Trabajo y Seguridad Social (Registro nro. 43922)

Detalles MARC
000 -CABECERA
Longitud fija campo de control 01792nam a2200397 c 4500
001 - NÚMERO DE CONTROL
Número de control 43922
003 - IDENTIFICADOR DE NÚMERO DE CONTROL
Identificador del número de control ES-MaCES
005 - FECHA Y HORA DE LA ÚLTIMA TRANSACCIÓN
Fecha y hora de la última transacción 20210726134537.0
007 - PHYSICAL DESCRIPTION FIXED FIELD--GENERAL INFORMAT
Campo fijo de descripción física cr |||||||||||
008 - CAMPO FIJO DE DESCRIPCIÓN FIJA--INFORMACIÓN GENERAL
Códigos de información de longitud fija   981125s1996 sp |||||||||||00||0 spa|d
035 ## - NÚMERO DE CONTROL DEL SISTEMA
Número de control del sistema 0008600000046
040 ## - FUENTE DE CATALOGACIÓN
Centro catalogador de origen ES-MaCES
Lengua de catalogación spa
Centro transcriptor ES-MaCES
245 00 - MENCIÓN DE TÍTULO
Título Dictamen 7-1996, sobre el Anteproyecto de Ley Ordenadora de la Inspección de Trabajo y Seguridad Social
300 ## - DESCRIPCIÓN FÍSICA
Extensión 35 p. (77 Kb.)
593 ## - CES. DATOS DICTAMEN
Comisión de trabajo Relaciones Laborales, Empleo y Seguridad Social
Identificador D-007-1996
Fecha dictamen 19961119
Tipo sesión Pleno extraordinario
Votos aprobados Presentes 29: 18 afirmativos, 11 negativos
Votos particulares UGT.
-- CC.OO.
-- Luis Burgos Díaz
650 #4 - ASIENTO SECUNDARIO DE MATERIA--TÉRMINO DE MATERIA
Término de materia o nombre geográfico como elemento inicial inspección del trabajo
9 (RLIN) 28213
653 10 - TÉRMINO DE INDEXACIÓN--NO CONTROLADO
Término no controlado Relaciones laborales-Empleo
700 1# - ENCABEZAMIENTO SECUNDARIO--NOMBRE PERSONAL
Nombre de persona Moreno Piñero, Fernando
Término indicativo de función interviniente
9 (RLIN) 19131
700 1# - ENCABEZAMIENTO SECUNDARIO--NOMBRE PERSONAL
Nombre de persona Cavada Hoyo, José de la
Término indicativo de función interviniente
9 (RLIN) 9348
700 1# - ENCABEZAMIENTO SECUNDARIO--NOMBRE PERSONAL
Nombre de persona Aramburu Godínez, José Luis
Término indicativo de función interviniente
9 (RLIN) 6417
700 1# - ENCABEZAMIENTO SECUNDARIO--NOMBRE PERSONAL
Nombre de persona Márquez Sánchez, Luis Fabián
Término indicativo de función interviniente
9 (RLIN) 17613
700 1# - ENCABEZAMIENTO SECUNDARIO--NOMBRE PERSONAL
Nombre de persona García Añoveros, Jaime
Término indicativo de función interviniente
9 (RLIN) 12765
700 1# - ENCABEZAMIENTO SECUNDARIO--NOMBRE PERSONAL
Nombre de persona Pérez de los Cobos Orihuel, Francisco
Término indicativo de función interviniente
9 (RLIN) 20747
700 1# - ENCABEZAMIENTO SECUNDARIO--NOMBRE PERSONAL
Nombre de persona Santos Palacios, Julio
Término indicativo de función interviniente
9 (RLIN) 23495
700 1# - ENCABEZAMIENTO SECUNDARIO--NOMBRE PERSONAL
Nombre de persona Suárez García, Roberto
Término indicativo de función interviniente
9 (RLIN) 24530
700 1# - ENCABEZAMIENTO SECUNDARIO--NOMBRE PERSONAL
Nombre de persona Aragón Medina, Jorge
Término indicativo de función interviniente
9 (RLIN) 6411
700 1# - ENCABEZAMIENTO SECUNDARIO--NOMBRE PERSONAL
Nombre de persona Aparicio Bravo, Elías
Término indicativo de función interviniente
9 (RLIN) 6384
700 1# - ENCABEZAMIENTO SECUNDARIO--NOMBRE PERSONAL
Nombre de persona García Callejo, José María
Término indicativo de función interviniente
9 (RLIN) 12805
700 1# - ENCABEZAMIENTO SECUNDARIO--NOMBRE PERSONAL
Nombre de persona Ortiz Serrano, Manuel
Término indicativo de función interviniente
9 (RLIN) 20099
700 1# - ENCABEZAMIENTO SECUNDARIO--NOMBRE PERSONAL
Nombre de persona Ortiz Serrano, Manuel
Término indicativo de función ponente
9 (RLIN) 20099
710 1# - ENCABEZAMIENTO SECUNDARIO--NOMBRE CORPORATIVO
Nombre de entidad o nombre de jurisdicción como elemento inicial España
Unidad subordinada Ministerio de Trabajo y Asuntos Sociales
Término indicativo de función solicitante
9 (RLIN) 3273
856 ## - ACCESO ELECTRÓNICO
Identificador Uniforme del Recurso (URI) <a href="http://www.ces.es/documents/DIC/1996/07">http://www.ces.es/documents/DIC/1996/07</a>
Texto del enlace texto completo
902 ## - CES. TIPO DE DOCUMENTO
Tipodoc (006$c Sirtex) Dictamen
942 ## - ELEMENTOS KOHA
Fuente de clasificaión o esquema Clasificación propia del CES
Koha [por defecto] tipo de item Dictámenes/Informes/Memorias CES
Parte de clasificación 2.0.

No hay ítems disponibles.

© CES, Consejo Económico y Social de España 2021